Community as partner : (Record no. 19196)
[ view plain ]
| 000 -LEADER | |
|---|---|
| fixed length control field | 00933cam a22002775a 4500 |
| 001 - CONTROL NUMBER | |
| control field | 18155696 |
| 005 - DATE AND TIME OF LATEST TRANSACTION | |
| control field | 20160223115153.0 |
| 008 - FIXED-LENGTH DATA ELEMENTS--GENERAL INFORMATION | |
| fixed length control field | 140509t2015 paua frb 001 0 eng d |
| 020 ## - INTERNATIONAL STANDARD BOOK NUMBER | |
| International Standard Book Number | 9781451190939 |
| 020 ## - INTERNATIONAL STANDARD BOOK NUMBER | |
| International Standard Book Number | 145119093X |
| 040 ## - CATALOGING SOURCE | |
| Original cataloging agency | DNLM/DLC |
| Transcribing agency | DLC |
| Modifying agency | EG-ScBUE |
| Language of cataloging | eng |
| 082 04 - DEWEY DECIMAL CLASSIFICATION NUMBER | |
| Classification number | 610.7343 |
| Item number | AND |
| Edition number | 22 |
| 100 1# - MAIN ENTRY--PERSONAL NAME | |
| Personal name | Anderson, Elizabeth T. |
| 9 (RLIN) | 37650 |
| 245 10 - TITLE STATEMENT | |
| Title | Community as partner : |
| Remainder of title | theory and practice in nursing / |
| Statement of responsibility, etc | Elizabeth T. Anderson, Judith McFarlane. |
| 250 ## - EDITION STATEMENT | |
| Edition statement | 7th ed. |
| 260 ## - PUBLICATION, DISTRIBUTION, ETC. (IMPRINT) | |
| Place of publication, distribution, etc | Philadelphia : |
| Name of publisher, distributor, etc | Wolters Kluwer, |
| Date of publication, distribution, etc | c.2015. |
| 300 ## - PHYSICAL DESCRIPTION | |
| Extent | xiv, 389 p. : |
| Other physical details | ill. ; |
| Dimensions | 25 cm. |
| 500 ## - GENERAL NOTE | |
| General note | Index : p. 379-389. |
| 500 ## - GENERAL NOTE | |
| General note | Includes appendix. |
| 504 ## - BIBLIOGRAPHY, ETC. NOTE | |
| Bibliography, etc | Includes bibliographical references. |
| 650 #7 - SUBJECT ADDED ENTRY--TOPICAL TERM | |
| Topical term or geographic name as entry element | Community health nursing. |
| 9 (RLIN) | 4083 |
| Source of heading or term | BUEsh |
| 650 #7 - SUBJECT ADDED ENTRY--TOPICAL TERM | |
| Topical term or geographic name as entry element | Health promotion. |
| 9 (RLIN) | 32506 |
| Source of heading or term | BUEsh |
| 653 ## - INDEX TERM--UNCONTROLLED | |
| Resource For college | Nursing |
| Arrived date list | April2015 |
| -- | February2016 |
| 700 1# - ADDED ENTRY--PERSONAL NAME | |
| Personal name | McFarlane, Judith M. |
| 9 (RLIN) | 37653 |
| 942 ## - ADDED ENTRY ELEMENTS (KOHA) | |
| Source of classification or shelving scheme | Dewey Decimal Classification |
| Call number prefix | 610.7343 AND |
| Withdrawn status | Item status | Source of classification or shelving scheme | Damaged status | Not for loan | Vendor | Home library | Current library | Shelving location | Date acquired | Source of acquisition | Cost, normal purchase price | Serial Enumeration / chronology | Total Checkouts | Total Renewals | Full call number | Barcode | Date last seen | Date last borrowed | Cost, replacement price | Koha item type |
|---|---|---|---|---|---|---|---|---|---|---|---|---|---|---|---|---|---|---|---|---|
| Dewey Decimal Classification | ايمك | Central Library | Central Library | First floor | 19/04/2015 | 395.00 | 2446 | 5 | 45 | 610.7343 AND | 000038001 | 15/07/2025 | 15/02/2017 | 493.75 | Book - Borrowing | |||||
| Dewey Decimal Classification | ايمك | Central Library | Central Library | First floor | 19/04/2015 | 395.00 | 2446 | 4 | 17 | 610.7343 AND | 000038000 | 15/07/2025 | 18/10/2016 | 493.75 | Book - Borrowing | |||||
| Dewey Decimal Classification | Academic Bookshop | Central Library | Central Library | First floor | 23/02/2016 | Purchase | 530.00 | 4862 | 1 | 610.7343 AND | 000031667 | 15/07/2025 | 15/02/2017 | 662.50 | Book - Borrowing | |||||
| Dewey Decimal Classification | Academic Bookshop | Central Library | Central Library | First floor | 23/02/2016 | Purchase | 530.00 | 4862 | 3 | 48 | 610.7343 AND | 000031668 | 15/07/2025 | 05/11/2019 | 662.50 | Book - Borrowing | ||||
| Dewey Decimal Classification | Academic Bookshop | Central Library | Central Library | First floor | 23/02/2016 | Purchase | 530.00 | 4862 | 1 | 13 | 610.7343 AND | 000031669 | 15/07/2025 | 27/09/2017 | 662.50 | Book - Borrowing |